Devinez le jeu vidéo #2 - Statistiques

Statistiques générales
  • Ce quiz a été pris 214 fois
  • Le résultat moyen est 11 sur 16
Statistiques - réponses
Par images Réponse % Correct
Minecraft
95%
Wii Sports
94%
Fortnite
92%
GTA V
91%
New Super Mario Bros
91%
Animal Crossing: New Horizons
90%
The Legend of Zelda: Ocarina of Time 3D
84%
Just Dance 2025
79%
Tintin au Tibet
76%
Cookie Clicker
66%
Stardew Valley
54%
Wii Party
42%
Warcraft 3
38%
Cooking Mama Wii
35%
Programme d'entraînement cérébral du Docteur Kawashima : Quel âge a votre cerveau ?
32%
Monster Hunter 3 Ultimate
26%
Aucun quiz correspondant
Distribution des résultats
% des personnes avec chaque résultat
Percentile par nombre de réponses
Votre historique - résultats
Vous n’avez pas pris ce quiz